000 00553nam a2200169 i 4500
001 149847
003 ES-MaACL
005 20230906203301.0
007 t|
008 071024s1933 ag ||||1| spa d
100 1 _aValvo, José Lo.
_9113026
245 1 3 _aEl problema universitario del profesionalismo y la investigación /
_cpor José Lo Valvo.
260 _a[San Fe :
_bs.n.],
_c1933 (
_fImp. de la Universidad Nacional de Litoral)
300 _a85 p. ;
_c19 cm.
710 2 _aUniversidad Nacional del Litoral.
_97427
852 _aES-MaACL
_j1828-F-6
999 _c149847
_d149847